Conceptualizing Religion Immanent Anthropologists, Transcendent Natives (Record no. 12492)

MARC details
000 -LEADER
fixed length control field 00653nam a2200253 a 4500
020 ## - INTERNATIONAL STANDARD BOOK NUMBER
ISBN 9004853
082 00 - DEWEY DECIMAL CLASSIFICATION NUMBER
Classification number 200
Author Cutter SAL
100 ## - MAIN ENTRY--AUTHOR NAME
Author name Saler, Benson
245 ## - TITLE STATEMENT
Title Conceptualizing Religion Immanent Anthropologists, Transcendent Natives
260 ## - PUBLICATION, DISTRIBUTION, ETC. (IMPRINT)
Place of publication Leiden
Name of publisher Brill
Year of publication 1993
300 ## - PHYSICAL DESCRIPTION
Number of Pages 292p
500 ## - GENERAL NOTE
General note includes index and biblioraphy
505 2# - FORMATTED CONTENTS NOTE
Formatted contents note Index
650 ## - SUBJECT ADDED ENTRY--TOPICAL TERM
Topical Term Religion
650 ## - SUBJECT ADDED ENTRY--TOPICAL TERM
Topical Term Ethnology-Religious Aspects
942 ## - ADDED ENTRY ELEMENTS (KOHA)
Koha item type Books
700 1# -
-- Saler, Benson
Holdings
Collection code Home library Current library Date acquired Cost, normal purchase price Full call number Accession Number Koha item type
  Henry Martyn Institute Library Henry Martyn Institute Library 07/31/2007 1470.00 200 SAL 015092 Books
                   Copyright © 2026 | Henry Martyn Institute | Hyderabad | TS-500052 | INDIA | Implemented by hmi.edu.in
Hit-Count:

Powered by Koha